| 000 | 00717cam a22002171 4500 | ||
|---|---|---|---|
| 001 | sa 68012969 | ||
| 003 | DLC | ||
| 005 | 20260227112617.0 | ||
| 008 | 711115s1950 ii b 000 0 eng | ||
| 010 | _asa 68012969 | ||
| 040 |
_aDLC _cDLC _dDLC |
||
| 050 | 0 | 0 |
_aHD1411 _b.I3816 |
| 110 | 2 | _aIndian Society of Agricultural Economics. | |
| 245 | 1 | 0 | _aNature and scope [of agricultural economics]. |
| 260 |
_aBombay _c[foreword 1950] |
||
| 300 |
_a159, [1] p. _c25 cm. |
||
| 490 | 1 | _aIts Readings in agricultural economics, 1 | |
| 504 | _aBibliographical footnotes. | ||
| 650 | 0 |
_aAgriculture _xEconomic aspects. |
|
| 810 | 2 |
_aIndian Society of Agricultural Economics. _tReadings in agricultural economics series, _v1 |
|
| 999 |
_c84846 _d84846 |
||